Drapeaux du monde floutés - Statistiques

Statistiques générales
  • Ce quiz a été pris 540 fois
  • Le résultat moyen est 122 sur 196
Statistiques - réponses
Par images Réponse % Correct
France
100%
Italie
100%
Belgique
99%
Mexique
98%
Roumanie
88%
Irlande
87%
Canada
85%
Côte d'Ivoire
84%
Andorre
80%
Croatie
79%
Pays-Bas
79%
Russie
79%
Argentine
78%
Nigeria
78%
Slovaquie
78%
Allemagne
77%
Barbade
77%
Estonie
77%
Luxembourg
76%
Serbie
76%
Slovénie
76%
Cameroun
75%
Liban
75%
Pérou
75%
Brésil
74%
Colombie
74%
Grèce
74%
Inde
74%
Japon
74%
Norvège
74%
Portugal
74%
Royaume-Uni
74%
Suède
74%
Tchad
74%
Danemark
73%
Finlande
73%
Islande
73%
Moldavie
73%
Turquie
73%
Afrique du Sud
72%
Australie
72%
Autriche
72%
Chypre
72%
Égypte
72%
États-Unis
72%
Nouvelle-Zélande
72%
Venezuela
72%
Chine
71%
Équateur
71%
Macédoine du Nord
71%
Sénégal
71%
Uruguay
71%
Bulgarie
70%
Chili
70%
Iran
70%
Tunisie
70%
Algérie
68%
Bangladesh
68%
Espagne
68%
Irak
68%
Jamaïque
68%
Lettonie
68%
Mali
68%
Suisse
68%
Vietnam
68%
Arménie
67%
Guatemala
67%
Israël
67%
Kosovo
67%
République-Tchèque
67%
Syrie
67%
Ukraine
67%
Lituanie
66%
Malaisie
66%
Pologne
66%
Albanie
65%
Hongrie
65%
Monaco
65%
Corée du Nord
64%
Kazakhstan
64%
Kenya
64%
Maroc
64%
Paraguay
64%
Vatican
64%
Arabie Saoudite
63%
Bosnie-Herzegovine
63%
Éthiopie
63%
Corée du Sud
62%
Cuba
62%
Ghana
62%
Malte
62%
Saint-Marin
62%
Cambodge
61%
Fidji
61%
Qatar
61%
République démocratique du Congo
61%
Singapour
61%
Somalie
61%
Thailande
61%
Angola
60%
Géorgie
60%
Guinée
60%
Indonésie
60%
Libéria
60%
Papouasie-Nouvelle-Guinée
60%
Seychelles
60%
Niger
59%
Pakistan
59%
Taiwan
59%
Laos
58%
Népal
58%
Panama
58%
Philippines
58%
Bhoutan
57%
Biélorussie
57%
Gabon
57%
Liechtenstein
57%
Madagascar
57%
Ouganda
57%
Palaos
57%
République dominicaine
57%
Sainte-Lucie
57%
Sri Lanka
57%
Tonga
57%
Yemen
57%
Costa Rica
56%
Micronésie
56%
Sierra Leone
56%
Togo
56%
Bolivie
55%
Burundi
55%
Jordanie
55%
Kiribati
55%
Montenegro
55%
Tanzanie
55%
Mauritanie
54%
Rwanda
54%
Tadjikistan
54%
Bahamas
53%
Comores
53%
Érythrée
53%
Eswatini
53%
Haïti
53%
Kirghizistan
53%
Lesotho
53%
Mongolie
53%
Nauru
53%
République centrafricaine
53%
Bénin
52%
Burkina Faso
52%
Émirats arabes unis
52%
Koweït
52%
Mozambique
52%
Azerbaïdjan
51%
Belize
51%
Birmanie
51%
Botswana
51%
Cap-Vert
51%
Malawi
51%
Samoa
51%
Soudan du Sud
51%
Zimbabwe
51%
Afghanistan
50%
Bahreïn
50%
Djibouti
50%
Guyana
50%
Îles Marshall
50%
Namibie
50%
Ouzbékistan
50%
Turkménistan
50%
Tuvalu
50%
Libye
49%
Maurice
49%
République du Congo
49%
Suriname
49%
Zambie
49%
Honduras
48%
Maldives
48%
Nicaragua
48%
Oman
48%
Sao Tomé-et-Principe
48%
Timor Oriental
48%
Trinité-et-Tobago
48%
Brunéi
47%
Dominique
47%
Gambie
47%
Guinée équatoriale
47%
Saint-Vincent et les Grenadines
47%
Soudan
47%
Vanuatu
47%
Antigua-et-Barbuda
46%
Grenade
46%
Salvador
46%
Îles Salomon
45%
Saint-Christophe-et-Niévès
45%
Guinée-Bissau
44%
Aucun quiz correspondant
Distribution des résultats
% des personnes avec chaque résultat
Percentile par nombre de réponses
Votre historique - résultats
Vous n’avez pas pris ce quiz